| 000 | 00663nam a2200217 a 4500 | ||
|---|---|---|---|
| 001 | 009209 | ||
| 003 | BD-ChCU | ||
| 008 | Ben | ||
| 020 | _a | ||
| 040 |
_aDLC _cDLC _dBD-ChCU |
||
| 082 | 0 | 0 | _a১৮১.৪/চৌধু৮১ভা |
| 100 | 1 |
_aচৌধুরী, অর্জুনবিকাশ _b- |
|
| 245 | 1 | 0 |
_aভারতীয় দর্শন _b- |
| 250 | _a*** | ||
| 260 |
_aকলিকাতা _bমডর্াণ বুক এজেন্সী _c১৯৯১ |
||
| 300 | _a** | ||
| 504 | _a- Biblio- | ||
| 650 | 0 |
_aদর্শন ভারতীয় _bদর্শন ভারতীয় |
|
| 700 | 1 | _a- | |
| 942 |
_2ddc _cBK |
||
| 999 |
_c9209 _d9209 |
||